Presidents Who Veto Quiz Stats

 Plays Quiz not verified by Sporcle

Score 0/12 Timer 02:00
0 Plays Today
Number of Vetoes President % Correct
44George H. Bush
98.3%
635Franklin Roosevelt
96.5%
82Theodore Roosevelt
92.6%
78Ronald Reagan
90.9%
181Dwight Eisenhower
83.9%
250Harry Truman
81.7%
44Woodrow Wilson
78.3%
66Gerald Ford
74.3%
50Calvin Coolidge
70.4%
584Grover Cleveland
65.2%
93Ulysses Grant
64.8%
44Benjamin Harrison
54.3%

You're not logged in!

Compare scores with friends on all Sporcle quizzes.
OR
Log In

Show Comments

Extras

Top Quizzes Today


Score Distribution

Your Account Isn't Verified!

In order to create a playlist on Sporcle, you need to verify the email address you used during registration. Go to your Sporcle Settings to finish the process.

Report this User

Report this user for behavior that violates our Community Guidelines.

Details: